| 000 | 01481nam a2200325 i 4500 | ||
|---|---|---|---|
| 003 | EG-GICUC | ||
| 005 | 20260511144621.0 | ||
| 008 | 260511s1998 ua ||||fr|||| 00| 0 ara d | ||
| 017 | _a98/4462 | ||
| 040 |
_a EG-GICUC _bara _c EG-GICUC _d EG-GICUC _erda |
||
| 041 |
_aara _hara |
||
| 082 | 0 | 4 |
_221 _a343.451 _bع م . ج |
| 092 | 0 | 4 | _221 |
| 099 | _aLaw1 10 343.451 ع م . ج 1998 | ||
| 100 | 0 |
_aعمرو عيسى الفقى _eمؤلف. |
|
| 245 | 1 | 0 |
_aجرائم قمع الغش والتدليس / _cمستشار عمرو عيسى الفقى. |
| 264 | 1 |
_aش بورسعيد- عمارة اللؤلؤة : _bالمكتب الفنى للموسوعات القانونية، _c1998. |
|
| 300 |
_a252 صفحة ; _c25 سم. |
||
| 336 |
_2rda content _atext |
||
| 337 |
_2rda media _aComputer |
||
| 338 |
_2rda carrier _aOnline Resource |
||
| 504 | _aيشتمل على إرجاعات ببليوجرافية. | ||
| 505 | _aوفقاً للقانون رقم 48 لسنة 1941 والقانون 10 لسنة 1966 والقانون رقم 281 لسنة 1994 والقرار الوزارى رقم 259 لسنة 1996 واحكام محكمة النقض حتى سنة 1997 واحكام المحكمة الدستورية العليا | ||
| 546 | _aالنص باللغة العربية | ||
| 650 | 1 | _aالقانون الجنائي | |
| 650 | 1 | _aقمع الغش والتدليس | |
| 856 | 4 | 0 | _uhttps://fll.law.cu.edu.eg/fulltext/bks/B10-12236.pdf |
| 905 | _a43 | ||
| 942 |
_2ddc _n0 _cBK _e21 |
||
| 999 |
_c76582 _d76582 |
||